[Event "Perth op"]
[Site "Perth"]
[Date "2023.01.07"]
[Round "8"]
[White "Andador, Dominador"]
[Black "De Rooy, Jack"]
[Result "1-0"]
[WhiteElo "1886"]
[BlackElo "1242"]
[PlyCount "49"]
[EventDate "2023.01.02"]
[EventType "swiss"]
[EventRounds "11"]
[EventCountry "AUS"]
[SourceTitle "CBM 212 Extra"]
[Source "ChessBase"]
[SourceDate "2023.03.31"]
[SourceVersion "1"]
[SourceVersionDate "2023.03.31"]
[SourceQuality "1"]

1. Nf3 d5 2. c4 e6 3. d4 Nf6 4. e3 c6 5. a3 Nbd7 6. Nc3 Bd6 7. Bd3 0-0 8. 0-0 Re8 9. e4 dxe4 10. Nxe4 Nxe4 11. Bxe4 Nf6 12. Bc2 h6 13. Qd3 Bd7 14. Be3 Qe7 15. Rad1 e5 16. dxe5 Bxe5 17. Nxe5 Qxe5 18. Bd4 Bf5 19. Qxf5 Qxf5 20. Bxf5 Ne4 21. Rfe1 Ng5 22. Rxe8+ Rxe8 23. Bxa7 Re7 24. Rd8+ Re8 25. Rxe8# 1-0

[Event "Perth op"]
[Site "Perth"]
[Date "2023.01.07"]
[Round "9"]
[White "Cadag, Herbert"]
[Black "Andador, Dominador"]
[Result "0-1"]
[WhiteElo "1557"]
[BlackElo "1886"]
[PlyCount "94"]
[EventDate "2023.01.02"]
[EventType "swiss"]
[EventRounds "11"]
[EventCountry "AUS"]
[SourceTitle "CBM 212 Extra"]
[Source "ChessBase"]
[SourceDate "2023.03.31"]
[SourceVersion "1"]
[SourceVersionDate "2023.03.31"]
[SourceQuality "1"]

1. c4 e5 2. e4 Bc5 3. d3 Nc6 4. Nf3 d6 5. h3 f5 6. Bg5 Nf6 7. Nc3 h6 8. Bh4 g5 9. Bg3 f4 10. Bh2 Be6 11. a3 a6 12. Be2 Qd7 13. Nd5 Qg7 14. b4 Ba7 15. b5 axb5 16. cxb5 Bxd5 17. exd5 Ne7 18. Nd2 Nexd5 19. Ne4 Bd4 20. Nxf6+ Qxf6 21. Bh5+ Kd8 22. 0-0 Nc3 23. Qb3 Ra5 24. Rac1 Rxb5 25. Qc2 Rc5 26. Qd2 Ke7 27. Kh1 Ra8 28. Bf3 c6 29. Rfe1 Rxa3 30. Ra1 Rca5 31. Rxa3 Rxa3 32. Qc2 Qe6 33. Qc1 Ra2 34. Bg4 Qf6 35. f3 Qf7 36. h4 Kd8 37. Bg1 Ne2 38. Rxe2 Rxe2 39. Bxd4 exd4 40. Qb1 Kc7 41. Qb4 Qd5 42. h5 Ra2 43. Qb1 Ra3 44. Qe1 Qe5 45. Qc1 Qa5 46. Qb2 Qe1+ 47. Kh2 Ra1 0-1

[Event "Perth op"]
[Site "Perth"]
[Date "2023.01.05"]
[Round "5"]
[White "Raptis, Liam"]
[Black "Andador, Dominador"]
[Result "1-0"]
[WhiteElo "1436"]
[BlackElo "1886"]
[PlyCount "63"]
[EventDate "2023.01.02"]
[EventType "swiss"]
[EventRounds "11"]
[EventCountry "AUS"]
[SourceTitle "CBM 212 Extra"]
[Source "ChessBase"]
[SourceDate "2023.03.31"]
[SourceVersion "1"]
[SourceVersionDate "2023.03.31"]
[SourceQuality "1"]

1. d4 Nf6 2. c4 d5 3. Nc3 c6 4. Bf4 Bf5 5. Nf3 e6 6. a3 Nbd7 7. e3 Be7 8. Be2 Nh5 9. Bg3 Nxg3 10. hxg3 h6 11. c5 Bf6 12. Bd3 Qa5 13. b4 Qc7 14. Bxf5 exf5 15. Qd3 g6 16. 0-0 h5 17. Rfc1 h4 18. Ne2 Nf8 19. Nf4 hxg3 20. fxg3 Qd7 21. Kf2 0-0-0 22. a4 Re8 23. b5 Ne6 24. a5 Nxf4 25. gxf4 Re6 26. Rcb1 Rhe8 27. Ne5 Bxe5 28. fxe5 f6 29. bxc6 Rxc6 30. a6 bxa6 31. Rxa6 fxe5 32. Qb5 1-0

[Event "Perth op"]
[Site "Perth"]
[Date "2023.01.04"]
[Round "4"]
[White "Andador, Dominador"]
[Black "Marriott, Max"]
[Result "0-1"]
[WhiteElo "1886"]
[BlackElo "1533"]
[PlyCount "86"]
[EventDate "2023.01.02"]
[EventType "swiss"]
[EventRounds "11"]
[EventCountry "AUS"]
[SourceTitle "CBM 212 Extra"]
[Source "ChessBase"]
[SourceDate "2023.03.31"]
[SourceVersion "1"]
[SourceVersionDate "2023.03.31"]
[SourceQuality "1"]

1. Nf3 d5 2. g3 Nf6 3. Bg2 c6 4. d3 h6 5. 0-0 Bf5 6. Re1 Nbd7 7. Nh4 Bh7 8. e4 dxe4 9. dxe4 e6 10. e5 Nd5 11. a3 Be7 12. Nf3 0-0 13. c4 N5b6 14. Qe2 Nc5 15. Nbd2 Bd3 16. Qe3 Nxc4 17. Nxc4 Bxc4 18. Qc3 Bd5 19. Be3 Nd7 20. Rad1 Qc7 21. b4 a6 22. Bf4 Rac8 23. Qd2 c5 24. Bxh6 Bxf3 25. Bxg7 Kxg7 26. Bxf3 Nxe5 27. Bxb7 Rcd8 28. Qf4 f6 29. Qe4 cxb4 30. axb4 Rxd1 31. Rxd1 Rb8 32. Bxa6 Rxb4 33. Qe2 Qc6 34. h3 Nf3+ 35. Kf1 Nh4 36. Qd3 Qg2+ 37. Ke2 Re4+ 38. Kd2 Qxf2+ 39. Kc1 Re3 40. Qc2 Qxg3 41. Kb2 Qe5+ 42. Kb1 Qb8+ 43. Kc1 Ba3+ 0-1